| 000 | 00627nam a22001817a 4500 | ||
|---|---|---|---|
| 005 | 20231025070708.0 | ||
| 008 | 231025b |||||||| |||| 00| 0 eng d | ||
| 020 | _a0702129909 | ||
| 041 | _aEnglish | ||
| 082 | _a347.1 HER | ||
| 100 |
_aVan Winsen LDV, Cilliers AC and Loots C _lEnglish |
||
| 245 |
_aHerbstein & Van Winsen The Civil Practice of the Supreme Court of South Africa / _cLDV Van Winsen, AC Cilliers and C Loots |
||
| 250 | _aFourth Edition | ||
| 260 |
_aCape Town : _bJuta & Co, Ltd, _c1997 |
||
| 300 |
_bccxlvi, 1268 pages ; _c26 cm. |
||
| 650 |
_aLegal practice _bLaw |
||
| 942 |
_cBK _6ALISON_BN_VRIES |
||
| 999 |
_c37 _d37 |
||